Statistiques concernant Célébrités par regard

Cliquez ici pour prendre le quiz!

Statistiques générales

  • Ce quiz a été pris 1 181 fois
  • Le résultat moyen est 10 sur 15

Statistiques - réponses

Réponse% Correct
Kylian Mbappé
95%
Rihanna
95%
Barack Obama
92%
Angèle
90%
Omar Sy
87%
Beyoncé
80%
Britney Spears
79%
Angelina Jolie
65%
Sophie Marceau
54%
Johnny Depp
53%
Jean Reno
46%
Cyril Hanouna
45%
Natalie Portman
45%
Jean-Jacques Goldman
43%
Roger Federer
43%

Distribution des résultats

Percentile par nombre de réponses

% des personnes avec chaque résultat

Votre développement - résultats

Vous n’avez pas pris ce quiz